000 00819nam a22002297a 4500
005 20130612115533.0
010 _aENG-107285
020 _a9788120347144
_c350.00
035 _aEN-90818
037 _bDBAD/PUB
082 _a005.8
100 _aGregg, Michael
245 _aCompTIA Security+ rapid review (exam SY0-301) /
_cby Michael Gregg
260 _aNew Delhi
_bPHI Learning
_c2013
270 _aRimjhim House, 111, Patparganj Industrial Estate
_bDelhi
_e110092
300 _axxvi,228p.
_c23cm(pbk)
500 _aIncludes index
650 _a Electronic data processing personnel
_xExaminations
_vStudy guides.
650 _a Computer security
_xExaminations
_vStudy guides.
650 _aComputer networks
_x Security measures
_xExaminations
_vStudy guides.
942 _2ddc
_cEN
_h005.8
_mGRE
999 _c75962
_d75962